Candy quiz - Statistics

General Stats
  • This quiz has been taken 40 times
  • The average score is 4 of 12
Answer Stats
Hint Answer % Correct
Geeks Nerds
75%
Quiet Laugh Snicker
64%
Galaxy Milkyway
57%
Twin letters M&M
46%
Trio of old Three Musketeers
36%
Form Of Affection Kiss
32%
Soda Stones Pop Rocks
32%
Nutty Happiness Almond joy
25%
Happy Farmer Jolly Rancher
21%
Water Rings Lifesavers
18%
Sweet Garden Adults Sour Patch Kids
14%
Sun Expolsion Starburst
14%
No matching quizzes found
Score Distribution
Percent of People with Each Score
Percentile by Number Answered
Your Score History
You have not taken this quiz